Probleme der modernen Astronomie (Record no. 6574)

MARC details
000 -CABECERA
campo de control de longitud fija 00615nam a2200217 a 4500
001 - NÚMERO DE CONTROL
campo de control BRCA_6892
005 - FECHA Y HORA DE LA ÚLTIMA TRANSACCIÓN
campo de control 20190320205630.0
008 - DATOS DE LONGITUD FIJA--INFORMACIÓN GENERAL
campo de control de longitud fija 111111s1911----gw-a######---#000-0#ger-#
041 ## - CÓDIGO DE LENGUA
Código de lengua del texto/banda sonora o título independiente ger
044 ## - CÓDIGO DEL PAÍS DE LA ENTIDAD EDITORA/PRODUCTORA
Código MARC del país gw
050 #4 - SIGNATURA TOPOGRÁFICA DE LA BIBLIOTECA DEL CONGRESO
Número de clasificación QB51
Número de documento/Ítem .O67 1911
100 1# - ENTRADA PRINCIPAL--NOMBRE DE PERSONA
Nombre de persona Oppenheim, Samuel
Fechas asociadas al nombre 1857-1928
9 (RLIN) 17169
245 10 - MENCIÓN DE TÍTULO
Título Probleme der modernen Astronomie
Mención de responsabilidad, etc. von Prof. Dr. S. Oppenheim
260 ## - PUBLICACIÓN, DISTRIBUCIÓN, ETC.
Lugar de publicación, distribución, etc. Leipzig, Alemania
Nombre del editor, distribuidor, etc. B. G. Teubner
Fecha de publicación, distribución, etc. 1911
300 ## - DESCRIPCIÓN FÍSICA
Extensión iv, 156 p.
Otras características físicas il.
Dimensiones 19 cm.
440 #0 - MENCIÓN DE SERIE/PUNTO DE ACCESO ADICIONAL--TÍTULO
Título Aus Natur und Geisteswelt
Designación de volumen o secuencia 355
9 (RLIN) 17170
500 ## - NOTA GENERAL
Nota general O94
650 14 - PUNTO DE ACCESO ADICIONAL DE MATERIA--TÉRMINO DE MATERIA
Término de materia o nombre geográfico como elemento de entrada Astronomía
Subdivisión general Problema
9 (RLIN) 17171
902 ## - CATALOGADOR
Iniciales GFM
942 ## - ELEMENTOS DE PUNTO DE ACCESO ADICIONAL (KOHA)
Fuente del sistema de clasificación o colocación Library of Congress Classification
Tipo de ítem Koha Libros
Holdings
Estado de retiro Estado de pérdida Estado dañado No para préstamo Localización permanente Ubicación/localización actual Fecha de adquisición Número de inventario Total de préstamos Signatura topográfica completa Código de barras Fecha visto por última vez Precio válido a partir de Tipo de ítem Koha
El ejemplar forma parte de la colección y puede ser consultado según las políticas vigentes.       Biblioteca del Museo Franz Mayer (Rogerio Casas-Alatriste) Biblioteca del Museo Franz Mayer (Rogerio Casas-Alatriste) 11/11/2011 O94   QB51 .O67 1911 (O94) 7339 22/03/2019 22/03/2019 Libros